|
|
|
|
| LEADER |
01353nam a2200397 4500 |
| 001 |
000004801 |
| 003 |
942 |
| 005 |
20120412080407.0 |
| 008 |
110804s1973 viesd |
| 020 |
|
|
|c 20000đ
|
| 041 |
0 |
|
|a vie
|
| 082 |
|
|
|a 891.7
|b AG-V
|
| 100 |
0 |
|
|a Agaiep, Vaxili
|
| 245 |
1 |
0 |
|a Xa Mạc tư khoa
|b Tiểu thuyết : Giải thưởng văn học Xtalin hạng nhất năm 1948
|c Vaxili Agaiep ; Dịch: Hoàng Nguyên Ký,...
|n Tập 1
|
| 250 |
|
|
|a Xuất bản lần thứ 4
|
| 260 |
|
|
|a H.
|b Thanh Niên
|c 1973
|
| 300 |
|
|
|a 620 tr
|c 19 cm
|
| 653 |
|
|
|a Văn học hiện đại
|
| 653 |
|
|
|a Nga
|
| 653 |
|
|
|a Tiểu thuyết
|
| 700 |
|
|
|a Hoàng Nguyên Ký
|e dịch
|
| 700 |
|
|
|a Hùng Thao
|e dịch
|
| 700 |
|
|
|a Hữu Đông
|e dịch
|
| 700 |
|
|
|a Trần Cơ
|e dịch
|
| 773 |
|
|
|t Xa Mạc tư khoa
|w 940
|
| 910 |
|
|
|a Nguyễn Thị kim Oanh
|d 04/ 08/ 2011
|
| OWN |
|
|
|a LSP
|
| AVA |
|
|
|a UDN50
|b LSP
|d 891.7 AG-V
|e unavailable
|t Error 5002 Not defined in file expand_doc_bib_avail.
|f 2
|g 2
|h N
|i 0
|k 1
|
| 999 |
|
|
|a From the UDN01
|
| AVA |
|
|
|a UDN50
|b LSP
|d 891.7 AG-V
|e unavailable
|t Error 5002 Not defined in file expand_doc_bib_avail.
|f 2
|g 2
|h N
|i 0
|k 1
|
| TYP |
|
|
|a Monograph
|
| TYP |
|
|
|a Printed language
|
| 980 |
|
|
|a Mạng thư viện Đại học Đà Nẵng
|